Macroeconomía: versión para Latinoamérica (Registro nro. 9169)
[ vista simple ]
| 000 -Cabecera | |
|---|---|
| Campo de control de longitud fija | 00956aam a2200373 4500 |
| 005 - Fecha y hora de la última transacción | |
| Campo de control | 20250819120342.0 |
| 008 - Elementos de longitud fija--Información general | |
| Campo de control de longitud fija | 150615b2015 xxu||||| |||| 00| 0 spa d |
| 020 ## - International Standard Book Number | |
| Número Internacional Estándar del Libro (ISBN) | 9786073233408 |
| 041 ## - Idioma | |
| Código de idioma | Español |
| 082 ## - Clasificación Decimal Dewey | |
| Número de clasificación | 339 P247m11 |
| 100 ## - Entrada principal--Autor personal | |
| Nombre personal | Parkin, Michael |
| 9 (RLIN) | 16684 |
| 100 ## - Entrada principal--Autor personal | |
| Nombre personal | Loria, Eduardo |
| 9 (RLIN) | 24826 |
| 245 ## - Título propiamente dicho | |
| Título | Macroeconomía: versión para Latinoamérica |
| 250 ## - Edición | |
| Mención de edición | 11 edición |
| 260 ## - Pie de imprenta | |
| Lugar de publicación, distribución, etc. | México |
| 260 ## - Pie de imprenta | |
| Nombre del editor, distribuidor, etc. | Pearson Educación |
| 260 ## - Pie de imprenta | |
| Fecha de publicación, distribución, etc. | 2015 |
| 300 ## - Descripción física | |
| Extensión | 778 páginas |
| 490 ## - Serie | |
| Título de la Serie | Dirección y Administración de Empresas |
| 650 ## - Materia general | |
| Temática (materia general) | MACROECONOMÍA |
| 650 ## - Materia general | |
| Temática (materia general) | ECONOMÍA |
| 650 ## - Materia general | |
| Temática (materia general) | MERCADOS |
| 650 ## - Materia general | |
| Temática (materia general) | OFERTA Y DEMANDA |
| 650 ## - Materia general | |
| Temática (materia general) | PRODUCTO INTERNO BRUTO |
| 650 ## - Materia general | |
| Temática (materia general) | DINERO |
| 650 ## - Materia general | |
| Temática (materia general) | FINANZAS |
| 650 ## - Materia general | |
| Temática (materia general) | AHORRO |
| 650 ## - Materia general | |
| Temática (materia general) | INVERSIÓN |
| 650 ## - Materia general | |
| Temática (materia general) | TIPO DE CAMBIO |
| 650 ## - Materia general | |
| Temática (materia general) | CICLOS ECNÓMICOS |
| 650 ## - Materia general | |
| Temática (materia general) | POLÍTICA FISCAL |
| 650 ## - Materia general | |
| Temática (materia general) | POLÍTICA MONETARIA |
| 942 ## - Punto de acceso adicional KOHA | |
| Tipo de ítem KOHA | Libro |
| Fuente del sistema de clasificación o colocación | Dewey Decimal Classification |
| Signatura completa | Código de barras | Programa Académico | Tipo de ítem |
|---|---|---|---|
| 339 P247m11 | 21941 | Dirección y Administración de Empresas | Libro |
| 339 P247m11 | 21942 | Dirección y Administración de Empresas | Libro |
| 339 P247m11 | 23005 | Dirección y Administración de Empresas | Libro |
| 339 P247m11 | 23006 | Dirección y Administración de Empresas | Libro |
| 339 P247m11 | 23007 | Dirección y Administración de Empresas | Libro |